[Event "Sardegna Region-ch"]
[Site "Sardara"]
[Date "2011.05.29"]
[Round "7"]
[White "Maldarelli, Lorenzo"]
[Black "Neri, Enzo"]
[Result "1/2-1/2"]
[WhiteElo "1813"]
[BlackElo "2099"]
[PlyCount "102"]
[EventDate "2011.05.23"]
[EventType "swiss"]
[EventRounds "8"]
[EventCountry "ITA"]
[SourceTitle "EXT 2023"]
[Source "ChessBase"]
[SourceDate "2022.10.05"]
[SourceVersion "1"]
[SourceVersionDate "2022.10.05"]
[SourceQuality "1"]

1. d4 d5 2. c4 c6 3. Nf3 Bf5 4. e3 e6 5. Nc3 Nf6 6. Be2 Nbd7 7. Nh4 Bg6 8. g3 Be7 9. a4 dxc4 10. Nxg6 hxg6 11. Bxc4 Nb6 12. Be2 Nbd5 13. Bf3 Bb4 14. Bd2 Qa5 15. Nxd5 Nxd5 16. Bxb4 Nxb4 17. 0-0 Rd8 18. Qb3 Rd7 19. Rfc1 Nd5 20. Rc5 Qb6 21. Qxb6 axb6 22. Rc4 Ne7 23. b4 0-0 24. b5 Rc7 25. Rac1 Rfc8 26. e4 Rd7 27. d5 exd5 28. exd5 Nxd5 29. bxc6 bxc6 30. Rxc6 Re8 31. Rd1 Nf6 32. Rxd7 Nxd7 33. Rc7 Ne5 34. Bd5 Rd8 35. Bb3 Rd3 36. Bc2 Rd2 37. Kg2 Nd3 38. Bxd3 Rxd3 39. Kf1 g5 40. Ke2 Ra3 41. Rc8+ Kh7 42. Rc4 f6 43. h4 gxh4 44. Rxh4+ Kg6 45. Rf4 Kf7 46. Kd2 g5 47. Rd4 Kg6 48. g4 Rf3 49. Ke2 Ra3 50. f3 Kf7 51. Rb4 Kg6 1/2-1/2

[Event "Sardegna Region-ch"]
[Site "Sardara"]
[Date "2010.04.25"]
[Round "8"]
[White "Maldarelli, Lorenzo"]
[Black "Caglio, Luigi"]
[Result "0-1"]
[WhiteElo "1800"]
[BlackElo "2007"]
[PlyCount "70"]
[EventDate "2010.04.17"]
[EventType "swiss"]
[EventRounds "8"]
[EventCountry "ITA"]
[SourceTitle "EXT 2024"]
[Source "ChessBase"]
[SourceDate "2023.10.10"]
[SourceVersion "1"]
[SourceVersionDate "2023.10.10"]
[SourceQuality "1"]

1. d4 Nf6 2. Nf3 g6 3. Nc3 d5 4. Bg5 Bg7 5. Bxf6 Bxf6 6. e4 c6 7. e5 Bg7 8. Bd3 Bg4 9. h3 Bxf3 10. Qxf3 Qb6 11. Ne2 0-0 12. 0-0 e6 13. c3 c5 14. a4 c4 15. Bb1 Qxb2 16. Ra2 Qb3 17. Qf4 Nc6 18. Qd2 Na5 19. Rb2 Qxa4 20. Bc2 Qc6 21. Ra1 b6 22. Ba4 Qc7 23. Rab1 Rfb8 24. g4 a6 25. f4 b5 26. Bc2 Nc6 27. f5 Bf8 28. fxe6 fxe6 29. Rf1 b4 30. Rf6 Nxe5 31. dxe5 Qxe5 32. Rxf8+ Rxf8 33. Rxb4 Rf3 34. Rb7 Raf8 35. Qh6 Rf1+ 0-1

[Event "Sardegna Reg-ch"]
[Site "Cagliari"]
[Date "2006.02.25"]
[Round "4"]
[White "Basciu, Simone"]
[Black "Maldarelli, Lorenzo"]
[Result "1-0"]
[WhiteElo "2176"]
[BlackElo "1792"]
[PlyCount "61"]
[EventDate "2006.02.18"]
[EventType "swiss"]
[EventRounds "7"]
[EventCountry "ITA"]
[SourceTitle "EXT 2007"]
[Source "ChessBase"]
[SourceDate "2006.11.23"]
[SourceVersion "1"]
[SourceVersionDate "2006.11.23"]
[SourceQuality "1"]

1. d4 Nf6 2. Nf3 c5 3. d5 e6 4. c4 exd5 5. cxd5 d6 6. Nc3 g6 7. g3 Bg7 8. Bg2 0-0 9. 0-0 Na6 10. Nd2 Nc7 11. Nc4 b5 12. Nxd6 Qxd6 13. Bf4 Qb6 14. d6 Bb7 15. Bxb7 Qxb7 16. dxc7 Qc6 17. Qb3 a6 18. Rad1 c4 19. Qb4 Rfc8 20. Rd6 Qb7 21. Rfd1 Bf8 22. Rd8 Ne8 23. Qa5 Qc6 24. Nd5 Bc5 25. Be3 Kg7 26. Qc3+ f6 27. Bxc5 Qxc5 28. Nxf6 Nxf6 29. R8d7+ Kg8 30. Qxf6 Rf8 31. Qg7# 1-0